[Event "EU-chT Seniors 65"]
[Site "Swidnica"]
[Date "2023.07.16"]
[Round "5.9"]
[White "Thuesen, Mogens Henrik"]
[Black "Vadlja, Stjepan"]
[Result "1-0"]
[WhiteElo "2094"]
[BlackElo "1629"]
[PlyCount "51"]
[EventDate "2023.07.12"]
[EventType "team-swiss"]
[EventRounds "9"]
[EventCountry "POL"]
[SourceTitle "CBM 215 Extra"]
[Source "ChessBase"]
[SourceDate "2023.09.30"]
[SourceVersion "1"]
[SourceVersionDate "2023.09.30"]
[SourceQuality "1"]
[WhiteTeam "Denmark 65"]
[BlackTeam "Mursko Sredisce 65"]
[WhiteTeamCountry "DEN"]
[BlackTeamCountry "CRO"]

1. d4 d5 2. c4 e6 3. Nf3 Nf6 4. g3 Be7 5. Bg2 0-0 6. 0-0 c5 7. cxd5 Nxd5 8. e4 Nb6 9. Nc3 cxd4 10. Nxd4 Bf6 11. Ndb5 Na6 12. Qe2 Bxc3 13. Nxc3 Bd7 14. Bf4 f6 15. e5 Qc8 16. exf6 Rxf6 17. Ne4 Qc4 18. Nxf6+ gxf6 19. Qxc4 Nxc4 20. Bxb7 Bb5 21. Bxa8 e5 22. a4 Be8 23. Bh6 Nb6 24. Bf3 Bxa4 25. Rxa4 Nxa4 26. Bd5+ 1-0

[Event "EUR-chT Seniors 65"]
[Site "Mali Losinj"]
[Date "2019.09.23"]
[Round "6.1"]
[White "Hutchinson, Paul A"]
[Black "Vadlja, Stjepan"]
[Result "1-0"]
[WhiteElo "2124"]
[BlackElo "1636"]
[PlyCount "145"]
[EventDate "2019.09.18"]
[EventType "team-swiss"]
[EventRounds "9"]
[EventCountry "CRO"]
[SourceTitle "EXT 2020"]
[Source "ChessBase"]
[SourceDate "2019.10.17"]
[SourceVersion "1"]
[SourceVersionDate "2019.10.17"]
[SourceQuality "1"]
[WhiteTeam "England 65"]
[BlackTeam "Mursko Sredisce 65"]
[WhiteTeamCountry "ENG"]
[BlackTeamCountry "CRO"]

1. d4 Nf6 2. Nf3 d5 3. e3 e6 4. c4 Be7 5. Bd3 0-0 6. 0-0 b6 7. Nc3 Bb7 8. b3 Re8 9. Bb2 Nbd7 10. Qe2 Nf8 11. Rfd1 a5 12. Ne5 N6d7 13. f4 Bf6 14. Nf3 g6 15. g4 Bg7 16. g5 f6 17. h4 Qe7 18. Qf2 c5 19. Nb5 Rec8 20. Re1 Bc6 21. a4 Bb7 22. Re2 Nb8 23. Rc1 Nc6 24. e4 Qd7 25. dxc5 bxc5 26. gxf6 Bh6 27. Ng5 Bxg5 28. hxg5 d4 29. e5 Na7 30. Nd6 Rcb8 31. Qg3 Nc8 32. Nxb7 Rxb7 33. Be4 Rab8 34. Bxb7 Qxb7 35. Ba3 Qc6 36. Rb1 Na7 37. Rbb2 Rd8 38. Rbd2 Qb6 39. Rd3 Nc6 40. Qe1 Rd7 41. Rh2 Nb4 42. Bxb4 axb4 43. a5 Qxa5 44. Rdd2 Qa6 45. Ra2 Qc6 46. Qe2 Rc7 47. Qg2 Qd7 48. Qe4 Ra7 49. Rhd2 Ra3 50. Rxa3 bxa3 51. Ra2 Qa7 52. Kf2 Qa5 53. Qe1 Qa7 54. b4 Qa4 55. bxc5 Qxc4 56. Rxa3 Qxc5 57. Rd3 Nd7 58. Qd1 Nb6 59. Rxd4 Nd5 60. Kf3 Qa3+ 61. Rd3 Qa2 62. Qb3 Qa8 63. Kg3 Kf7 64. Qa3 Qb7 65. Rb3 Qc7 66. Qd6 Qa7 67. Kf3 Qa8 68. Qd7+ Ne7+ 69. Kg3 Qf8 70. Rb7 Qe8 71. Qxe8+ Kxe8 72. Rxe7+ Kf8 73. Rxh7 1-0

[Event "EUR-chT Seniors 65"]
[Site "Mali Losinj"]
[Date "2019.09.21"]
[Round "4.7"]
[White "Singer, Hans"]
[Black "Vadlja, Stjepan"]
[Result "1-0"]
[WhiteElo "2184"]
[BlackElo "1636"]
[PlyCount "63"]
[EventDate "2019.09.18"]
[EventType "team-swiss"]
[EventRounds "9"]
[EventCountry "CRO"]
[SourceTitle "EXT 2020"]
[Source "ChessBase"]
[SourceDate "2019.10.17"]
[SourceVersion "1"]
[SourceVersionDate "2019.10.17"]
[SourceQuality "1"]
[WhiteTeam "Austria 65"]
[BlackTeam "Mursko Sredisce 65"]
[WhiteTeamCountry "AUT"]
[BlackTeamCountry "CRO"]

1. d4 d5 2. c4 Nf6 3. Nc3 e6 4. Bg5 Be7 5. e3 0-0 6. Nf3 c5 7. cxd5 exd5 8. dxc5 Be6 9. Be2 Bxc5 10. 0-0 Nbd7 11. Nd4 Qe8 12. Bf3 a6 13. Rc1 Rc8 14. a3 b5 15. g3 Be7 16. Bg2 h6 17. Bxf6 Bxf6 18. Qh5 Ne5 19. Nxe6 fxe6 20. Qe2 Qg6 21. Rfd1 Nc4 22. a4 b4 23. Nxd5 Nxb2 24. Qxa6 Rxc1 25. Qxe6+ Kh8 26. Rxc1 Nd3 27. Be4 Qe8 28. Qxe8 Rxe8 29. Bxd3 Rb8 30. Nxf6 gxf6 31. Rb1 Kg7 32. Bb5 1-0

[Event "EUR-chT Seniors 65"]
[Site "Mali Losinj"]
[Date "2019.09.19"]
[Round "2.8"]
[White "James, Kevin"]
[Black "Vadlja, Stjepan"]
[Result "1-0"]
[WhiteElo "1959"]
[BlackElo "1636"]
[PlyCount "65"]
[EventDate "2019.09.18"]
[EventType "team-swiss"]
[EventRounds "9"]
[EventCountry "CRO"]
[SourceTitle "EXT 2020"]
[Source "ChessBase"]
[SourceDate "2019.10.17"]
[SourceVersion "1"]
[SourceVersionDate "2019.10.17"]
[SourceQuality "1"]
[WhiteTeam "Ireland 65"]
[BlackTeam "Mursko Sredisce 65"]
[WhiteTeamCountry "IRL"]
[BlackTeamCountry "CRO"]

1. d4 d5 2. c4 Nf6 3. Nc3 e6 4. cxd5 exd5 5. Bg5 Be7 6. Qc2 0-0 7. e3 c6 8. Bd3 h6 9. Bh4 Re8 10. Nge2 Nbd7 11. f3 Nf8 12. Rd1 N6h7 13. Bf2 Bg5 14. e4 dxe4 15. fxe4 Nf6 16. h4 Ng4 17. hxg5 Nxf2 18. Kxf2 Qxg5 19. Qd2 Qe7 20. e5 Be6 21. Ne4 Nd7 22. Rh2 f5 23. Nd6 Rf8 24. Nf4 Bf7 25. Nxf7 Nb6 26. Nxh6+ gxh6 27. Ng6 Qg7 28. Nxf8 Rxf8 29. Qxh6 Nd5 30. Rdh1 Ne7 31. Qxg7+ Kxg7 32. Rh7+ Kg8 33. Rxe7 1-0